000
00261nam a2200097Ia 4500
082
_a
EKF SEIS
245
0
_a
Seisoene
100
_a
Olivier, Ezette Germiston, 2009 1ste Afrikaanse uitg
_9
78026
942
_c
BK
008
210817s9999 xx 000 0 und d
999
_c
271777
_d
271776